Регионална библиотека "Любен Каравелов" - Русе

Математика за ІV клас (Запис номер 64203)

MARC детайли
000 -Лидер
Контролно поле с фиксирана дължина nam a22 a 4500
003 - Код на организацията, давaща контролен номер
Контролно поле BLK
005 - Дата и час на последна редакция
Контролно поле 20210204150025.0
008 - Елементи от данни с фиксирана дължина
fixed length control field 180408b bul|||||r ||||||| ||bul||
010 ## - Наследен системен номер
LC control number KNG00068468000
020 ## - Международен стандартен номер на книга ISBN
Международен стандартен номер на книга ISBN 954-01-1706-2
040 ## - Източник на каталожния запис
Идентификатор на билиотеката - собственик на записа BLK
041 ## - Код за език
Код за езика на текст/звукозапис или на отделно заглавие Български
Код за езика КДБФ Български
080 ## - УДК
Текстов определител УДК Основи на математиката в основното образование
УДК код - определител по УДК 372.47
УДК определител (075.2)
УДК - код + определител 372.47(075.2)
100 1# - Редна дума - Автор
Автор Манова, Ангелина Филипова
Авторска отговорност първи автор
R(LIN) 363875
139 ## - Редно поле
Редна дума Манова, Ангелина Филипова и др.
Авторски знак Мано - М 27
245 10 - Сведения за заглавието
Заглавие Математика за ІV клас
Редно поле (дума) Ангелина Филипова Манова; съавт. Рени Илиева Рангелова; * Юлияна Николова Гарчева-Янева; съавт. Юлияна Николова Гарчева.
257 ## - Страна на издаване
Страна на създаване/издаване България
260 ## - Област на издателските данни
Име на издателя, разпространителя и проч. Просвета - София
Година на издаване 2005
Печатница Русе : Дунав прес
9 (RLIN) 220483
Място на издаване, разпространение и проч. София
Издателство - префикс ISBN 978-954-
300 ## - Физическа характеристика
Страници 136 с.
Илюстрации и др. с цв. ил.
Размери/Мащаб 26 см
Съпровождащи материали 3 тетр. , 1 кн. за учителя
380 ## - Жанр
Жанр Обществени науки
500 ## - Общи забележки
Забележка Авт. не са отбелязани на кор.
650 #4 - Допълнително описание по предмет – тема
Основно описание – тема или топоним Математика - учебници за основни училища
9 (RLIN) 243462
653 ## - Ключова дума – ненормативна
Ключова дума математика
653 ## - Ключова дума – ненормативна
Ключова дума учебници за основни училища
653 ## - Ключова дума – ненормативна
Ключова дума ІV кл.
700 1# - Други автори (авторска отговорност)
Лично име Рангелова, Рени Илиева
Автороска отговорност (Описва отношението между автора и произведението) съавт.
9 (RLIN) 364911
700 1# - Други автори (авторска отговорност)
Лично име Гарчева-Янева, Юлияна Николова
Автороска отговорност (Описва отношението между автора и произведението) *
9 (RLIN) 364179
700 1# - Други автори (авторска отговорност)
Лично име Гарчева, Юлияна Николова
Автороска отговорност (Описва отношението между автора и произведението) съавт.
Друга информация Гарчева-Янева, Юлияна Николова
9 (RLIN) 364910
852 ## - Местоположение
Форматна сигнатура Цб ІІ 14025
Фондова буква Хранилище
856 4# - Електронен адрес и достъп
Електронен формат pdf - файл
856 4# - Електронен адрес и достъп
Електронен формат pdf - файл
999 ## - СИСТЕМНИ КОНТРОЛНИ НОМЕРА
Koha biblionumber 64203
Koha biblioitemnumber 64203
942 ## - АРТИКУЛИ
Вид на библиотечния материал Книги
Скрит в OPAC Не
Koha issues (borrowed), all copies 1
Периодичен библиозапис Да
944 ## - СЪЗДАВАНЕ И РЕДАКЦИЯ на ЗАПИСА
Създаване/Редакция Създаване
Дата на регистрацията/редакция 05.10.2006
Статус, дата на статуса ф /
Служител, извършил регистрацията/редакцията Людмила_Стоянова
944 ## - СЪЗДАВАНЕ И РЕДАКЦИЯ на ЗАПИСА
Създаване/Редакция Редакция
Дата на регистрацията/редакция 03.08.2017
Статус, дата на статуса ф /
Служител, извършил регистрацията/редакцията Виолета_Тройчева
999 ## - СИСТЕМНИ КОНТРОЛНИ НОМЕРА
Koha biblioitemnumber 64203
Наличности
Код за отписване Код за изгубен артикул Източник на класификационната схема Код за повреда Коз за рестрикции Код за отдаване Артикулен № Име на библиотеката - собственик Име на библиотеката, в която се намира в момента Статус (Текущо местоположение) Дата на вписване в системата Местоположение - отдел Цена в лева Инвентарен номер Систематично азбучна сигнатура Баркод Номер на екземпляра Цена в евро Служебна бележка Служебен тип на артикула
  Не е изгубен Universal Decimal Classification Не е повреден само за читалня ползва се в читалня 106283 Регионална библиотека "Любен Каравелов" Русе Регионална библиотека "Любен Каравелов" Русе Хранилище 2006-10-05 Хранилище 0.00 120000705678 Цб ІІ 14025 120000705678 1 0.00 Дост: Dp Вид: Д N: 43 Дата: 12.10.2005 Книги
Изтеглен Не е изгубен Universal Decimal Classification Не е повреден без рестрикции заемане за дома 106284 Регионална библиотека "Любен Каравелов" Русе Регионална библиотека "Любен Каравелов" Русе Детски отдел 2011-01-28 Детски отдел 6.50 120000748851 ДН 372.47/М 27 120000748851 2 3.32 Дост: DA Вид: А N: 1 Дата: 28.01.2011 Дата инв: 21.08.2015 Бележки инв: Д2015 Книги
Vip Innovations Ltd, Rousse, Bulgaria 2025